Name Every Nightbird - Statistics

General Stats
  • This quiz has been taken 2 times
  • The average score is 20 of 132
Answer Stats
Order Family Genus Species % Correct
Common Nighthawk
100%
Nyctidromus Common Pauraque
100%
Phalaenoptilus Common Poorwill
100%
Eastern Whip-poor-will
100%
Egyptian Nightjar
100%
Eurasian Nightjar
100%
Podargiformes Podargidae Podargus Tawny Frogmouth
100%
Antillean Nighthawk
50%
Australian Owlet-Nightjar
50%
Barred Owlet-Nightjar
50%
Veles Brown Nightjar
50%
Antrostomus Chuck-will's-widow
50%
Common Potoo
50%
Dulit Frogmouth
50%
Feline Owlet-Nightjar
50%
Golden Nightjar
50%
Nyctibius Great Potoo
50%
Indian Nightjar
50%
Javan Frogmouth
50%
Lesser Nighthawk
50%
Long-tailed Nightjar
50%
Lyre-tailed Nightjar
50%
Marbled Frogmouth
50%
Mexican Whip-poor-will
50%
Nubian Nightjar
50%
Steatornithiformes Steatornithidae Steatornis Oilbird
50%
Papuan Frogmouth
50%
Caprimulgus Pennant-winged Nightjar
50%
Red-necked Nightjar
50%
Nyctibiiformes Nyctibiidae Phyllaemulor Rufous Potoo
50%
Sri Lanka Frogmouth
50%
Standard-winged Nightjar
50%
Andaman Nightjar
0%
Andean Potoo
0%
Archbold's Nightjar
0%
Bahian Nighthawk
0%
Nyctiprogne Band-tailed Nighthawk
0%
Systellura Band-winged Nightjar
0%
Bates's Nightjar
0%
Nyctipolus Blackish Nightjar
0%
Blyth's Frogmouth
0%
Bonaparte's Nightjar
0%
Bornean Frogmouth
0%
Buff-collared Nightjar
0%
Cayenne Nightjar
0%
Chirruping Nightjar
0%
Choco Poorwill
0%
Gactornis Collared Nightjar
0%
Cuban Nightjar
0%
Diabolical Nightjar
0%
Donaldson Smith's Nightjar
0%
Dusky Nightjar
0%
Nyctiphrynus Eared Poorwill
0%
Fiery-necked Nightjar
0%
Freckled Nightjar
0%
Gould's Frogmouth
0%
Gray Nightjar
0%
Great Eared-Nightjar
0%
Hispaniolan Nightjar
0%
Hodgson's Frogmouth
0%
Itombwe Nightjar
0%
Siphonorhis Jamaican Pauraque
0%
Jerdon's Nightjar
0%
Jungle Nightjar
0%
Karimui Owlet-Nightjar
0%
Ladder-tailed Nightjar
0%
Batrachostomus Large Frogmouth
0%
Large-tailed Nightjar
0%
Least Nighthawk
0%
Least Pauraque
0%
Little Nightjar
0%
Long-tailed Potoo
0%
Macropsalis Long-trained Nightjar
0%
Madagascar Nightjar
0%
Lyncornis Malaysian Eared-Nightjar
0%
Mees's Nightjar
0%
Moluccan Owlet-Nightjar
0%
Montane Nightjar
0%
Mountain Owlet-Nightjar
0%
Chordeiles Nacunda Nighthawk
0%
Nechisar Nightjar
0%
New Caledonian Nightjar
0%
Aegotheliformes Aegothelidae Aegotheles New Caledonian Owlet-Nightjar
0%
Northern Potoo
0%
Ocellated Poorwill
0%
Palau Nightjar
0%
Palawan Frogmouth
0%
Papuan Nightjar
0%
Philippine Frogmouth
0%
Philippine Nightjar
0%
Plain Nightjar
0%
Puerto Rican Nightjar
0%
Pygmy Nightjar
0%
Tepuiornis Roraiman Nightjar
0%
Rufous-bellied Nighthawk
0%
Rufous-cheeked Nightjar
0%
Rufous Nightjar
0%
Salvadori's Nightjar
0%
Sand-colored Nighthawk
0%
Savanna Nightjar
0%
Scissor-tailed Nightjar
0%
Scrub Nightjar
0%
Lurocalis Short-tailed Nighthawk
0%
Sickle-winged Nightjar
0%
Silky-tailed Nightjar
0%
Slender-tailed Nightjar
0%
Rigidipenna Solomons Frogmouth
0%
Solomons Nightjar
0%
Sombre Nightjar
0%
Antiurus Spot-tailed Nightjar
0%
Caprimulguformes Caprimulgidae Eurostopodus Spotted Nightjar
0%
Square-tailed Nightjar
0%
Starry Owlet-Nightjar
0%
Star-spotted Nightjar
0%
Sulawesi Nightjar
0%
Sumatran Frogmouth
0%
Sunda Frogmouth
0%
Uropsalis Swallow-tailed Nightjar
0%
Swamp Nightjar
0%
Sykes's Nightjar
0%
Tawny-collared Nightjar
0%
Timor Nightjar
0%
Setopagis Todd's Nightjar
0%
Quechuavis Tschudi's Nightjar
0%
Vogelkop Owlet-Nightjar
0%
Wallace's Owlet-Nightjar
0%
Hydropsalis White-tailed Nightjar
0%
White-throated Nightjar
0%
Eleothreptus White-winged Nightjar
0%
White-winged Potoo
0%
Yucatan Nightjar
0%
Yucatan Poorwill
0%
No matching quizzes found
Score Distribution
Percent of People with Each Score
Percentile by Number Answered
Your Score History
You have not taken this quiz